Kurulus Osman - Statistics

General Stats
  • This quiz has been taken 969 times
  • The average score is 16 of 35
Answer Stats
Hint Answer % Correct
Son of Ertugrul Ghazi Osman
98%
Osman's eldest brother Gunduz
94%
Wife of Osman Bala Hatun
85%
Uncle of Osman Dundar
85%
Veteran Alp who served Ertugrul Bamsi
73%
Formerly Kongar Goktug
72%
Daughter of Dundar Aygul
63%
Second wife of Dundar Hazal Hatun
63%
Brother of Osman Savci
63%
Bala Hatun's best friend Gonca
62%
One of Dundars Wives Zohre
62%
Son of Dundar Batur
60%
Empress of Kuluchaisar Sofia
51%
Soldier of above Cerkutay
49%
Sister of Sofia Helen
49%
Mongol commander Balgay
48%
Wife of Savci Lena
48%
Aunt of Osman Selcan Hatun
47%
New ruler of the Byzantines in season 2 Nikola
44%
Converted to Islam as Siddiq Salvador
40%
Bala Hatun's father Edebali
39%
Ruler of all the Mongols Geyhatu
38%
Wife of Gunduz Ayse Hatun
37%
Close alp of Osman Konur
36%
Ertugrul's brother Sungurtekin
36%
Dundar and Hazal Hatun's son Bahadir
28%
"Daughter of Bamsi" Burcin
27%
Hazal Hatuns evil brother Yavlak Arslan
26%
Sofia's father Yanis
25%
Blacksmith of the Kayis Davut Usta
17%
Son of above Monke
15%
Close friend of Osman and Ertugrul Samsa Cavus
14%
Evil puppet of the mongols who married Aygul Aliser
13%
Best soldier of above Flatius
13%
Wise crazy ally of Osman Kumrul Abdal
10%
No matching quizzes found
Score Distribution
Percent of People with Each Score
Percentile by Number Answered
Your Score History
You have not taken this quiz